00376nam a2200133Ia 4500001000400000008004100004020002200045082002100067100006100088245002600149260002300175901002900198999001500227653241024s9999 xx 000 0 und d a978-9945-427-57-8 aRD/864.44/R426de aRepública Dominicana.Secretaría de Estado de Cultura 0aDe la Seine au Camú bEd. Nacionalc2009 a24/11/2010 11:37:22 a.m. c7715d7715